Social Economy - An Opportunity for Economic Entities to Create Positive Social Change
Salvato in:
| Autore principale: | |
|---|---|
| Natura: | Capitolo di libro |
| Lingua: | inglese |
| Soggetti: | |
| Tags: |
Nessun Tag, puoi essere il primo ad aggiungerne!!
|
MARC
| LEADER | 00000naa a2200000 4500 | ||
|---|---|---|---|
| 001 | 0304979 | ||
| 005 | 20250228133039.0 | ||
| 041 | 0 | |a eng | |
| 044 | |a US | ||
| 245 | 1 | 0 | |a Social Economy - An Opportunity for Economic Entities to Create Positive Social Change |c Eva Pongrácz |
| 500 | |a Abstrakt | ||
| 610 | 2 | 0 | |a ekonomika sociálna |
| 610 | 2 | 0 | |a podnikanie sociálne |
| 610 | 2 | 0 | |a zmeny sociálne |
| 610 | 2 | 0 | |a investovanie |
| 610 | 2 | 0 | |a odvetvia činnosti ekonomickej |
| 610 | 2 | 0 | |a zisk |
| 100 | 1 | |a Pongrácz, Eva, 1971- | |